Holiday Quiz

Random Holiday or Christmas Quiz

Famous with a Santa Hat Quiz Stats

 Plays Quiz Updated Dec 19, 2015

Score 0/20 Timer 04:00
0 Plays Today
% Correct
Justin Bieber
89.5%
Katy Perry
86.9%
Tom Hanks
83.1%
Taylor Swift
80.1%
Jimmy Fallon
78.7%
Paris Hilton
77.2%
Bill Murray
72.3%
Lindsay Lohan
71.7%
Zooey Deschanel
67.3%
Jared Leto
50.1%
% Correct
David Hasselhoff
50.1%
Jennifer Love Hewitt
49%
LL Cool J
44.4%
Jenny McCarthy
40.4%
Nick Cannon
33.1%
Victoria Justice
23.2%
Lucy Hale
22.9%
Kristin Chenoweth
17.6%
Pope Benedict XVI
17.5%
Darren Criss
9.6%

You're not logged in!

Compare scores with friends on all Sporcle quizzes.
Join for Free
OR
Log In

You Might Also Like...

Show Comments

Extras

Top Quizzes Today


Score Distribution

Your Account Isn't Verified!

In order to create a playlist on Sporcle, you need to verify the email address you used during registration. Go to your Sporcle Settings to finish the process.

Report this User

Report this user for behavior that violates our Community Guidelines.

Details: